| 000 | 00981cam a2200205 4500 | ||
|---|---|---|---|
| 001 | X120568 | ||
| 008 | 021125n2002 000 0 eng u | ||
| 035 | _a(Sirsi) u120568 | ||
| 245 | _aFreemans plc v Park Street Properties (Lincoln) Ltd | ||
| 260 | _c2002 | ||
| 490 |
_aProperty, Planning and Compensation Reports _v[2002] 2 P&CR 444-481(38) |
||
| 490 |
_aHIgh Court (Queens Bench Division) _v[2002] EWHC 477 |
||
| 520 | _aQBD 26 Mar h 2002. Lease of warehouse. Lessee upgraded floor but produce used not fit for purpose. Floor was damaged with subsequenet floods to warehouse. Owner of adjacent land failed to maintain culvert. Concerned with whether owner of adjacent land liable and whether flooding had cuased additional damage to floors. (Adapted from headnote) | ||
| 650 | _aFREEMANS PLC V PARK STREET PROPERTIES (LINCOLN) LTD | ||
| 650 | _aFLOODING | ||
| 650 | _aFLOORING | ||
| 650 | _aLIABILITY | ||
| 690 | _aPROPERTY AND LAND LAW-CASE LAW | ||
| 942 | _n0 | ||
| 999 |
_c71628 _d71628 |
||